000 00596nam a2200169 i 4500
001 81360
003 ES-MaACL
005 20230906174424.0
007 t|
008 041104q1945 sp ||||1| spa d
100 1 _aHoyos Sancho, Nieves de.
_964438
245 1 4 _aLos cuestionarios folklorico-etnográficos /
_cpor Nieves de Hoyos Sancho.
260 _aMadrid :
_b[s.n.,
_c1945?] (
_fC. Bermejo)
300 _a5 h. ;
_c24 cm.
500 _aEs separata de: Revista de Dialectología y Tradiciones Populares. T. I, 1945. Cuadernos 3º y 4º, pág. 645-652.
852 _aES-MaACL
_j1864-F-6
_bR.23807
999 _c81360
_d81360